00433nam a2200133 4500008004100000020001800041050002100059100001600080245007800096260005800174300003200232700001800264700001700282171206b xxu||||| |||| 00| 0 eng d a9789966253734 aPE 1068 .K4 2006 aKiai, Alice aNew horizons in English 4 :ba course for secondary schools /cAlice Kiai aNairobi :bEast African Educational Publishers,c2006 avi, 266p. :bill. ;c25 cm. aOduor, Benson aOwuor, Emily